00895nam a2200217Ia 4500003000900000008004100009020002200050040001600072080002300088245017800111260002500289300001500314490005100329650003000380650002600410650004600436700003200482942000700514999001700521952013900538IN-BaIIA211028s9999 xx 000 0 eng d a978-3-319-03791-2 cIIA Library a52(082.1)bASS-404 0aAdvanced interferometers and the search for gravitational wavesblectures from the first VESF school on advanced detectors for gravitational wavescedited by Massimo Bassan  aChambSpringerc2014 axii, 387p. aAstrophysics and space science library; v. 404 aGravitational waves93825 aInterferometers92643 aScience - Physics - Quantum theory936319 aBassan, Massimo, ed.936320 cBK c19023d19023 00104070aBANbBANcGENd2015-04-30eANJ g8142.00l0o52(082.1)/ ASS-404p19945r2021-11-05v8142.00w2015-04-30yBKGRs. 8142.00